[Event "1800+ Autumn Tournament"]
[Site "SchemingMind.com"]
[Date "2014.11.14"]
[Round "-"]
[White "mikewharvey"]
[Black "Stephen Woodhouse"]
[Result "0-1"]
[WhiteCountry "GBR"]
[BlackCountry "ENG"]
[WhiteElo "1986"]
[WhiteRD "97"]
[BlackElo "1835"]
[BlackRD "49"]
[GameID "368962"]

1. c4 e6 2. Nc3 f5 3. d4 Nf6 4. Nf3 d5 5. e3 c6 6. Ne5 Bd6 7. f4 O-O 8. Bd2 Ne4 9. c5 Bxe5 10. fxe5 Qh4+
11. g3 Nxg3 12. Rg1 Ne4+ 13. Ke2 Qf2+
0-1

[Event "1800+ Autumn Tournament"]
[Site "SchemingMind.com"]
[Date "2014.11.14"]
[Round "-"]
[White "Stephen Woodhouse"]
[Black "mikewharvey"]
[Result "1-0"]
[WhiteCountry "ENG"]
[BlackCountry "GBR"]
[WhiteElo "1891"]
[WhiteRD "50"]
[BlackElo "1873"]
[BlackRD "89"]
[GameID "368963"]

1. e4 Nf6 2. Nc3 e5 3. Nf3 Nc6 4. d4 d6 5. Bc4 Bg4 6. d5 Nd4 7. Be2 Nxe2 8. Qxe2 a6 9. Bg5 Be7 10. h3 Bh5
11. O-O Qd7 12. Rad1 O-O-O 13. b4 h6 14. Be3 g5 15. b5 axb5 16. Nxb5 g4 17. Na7+ Kb8 18. Rb1 Ka8 19. Nc6 gxf3 20. Qb5
1-0

[Event "1800+ Autumn Tournament"]
[Site "SchemingMind.com"]
[Date "2014.11.14"]
[Round "-"]
[White "mikewharvey"]
[Black "David Perna-Fraser"]
[Result "0-1"]
[WhiteCountry "GBR"]
[BlackCountry "CAN"]
[WhiteElo "1946"]
[WhiteRD "95"]
[BlackElo "2215"]
[BlackRD "55"]
[GameID "368975"]

1. c4 e5 2. Nc3 Nf6 3. g3 Nc6 4. Nf3 Bc5 5. Bg2 O-O 6. O-O d6 7. d3 Be6 8. Bd2 h6 9. a3 a5 10. Qc2 Qd7
11. e3 Ne7 12. e4 Rfe8
0-1

[Event "1800+ Autumn Tournament"]
[Site "SchemingMind.com"]
[Date "2014.11.14"]
[Round "-"]
[White "David Perna-Fraser"]
[Black "mikewharvey"]
[Result "1-0"]
[WhiteCountry "CAN"]
[BlackCountry "GBR"]
[WhiteElo "2253"]
[WhiteRD "56"]
[BlackElo "1873"]
[BlackRD "89"]
[GameID "368976"]

1. e4 Nf6 2. Nc3 e5 3. Nf3 Nc6 4. Bc4 Nxe4 5. Nxe4 d5 6. Bd3 dxe4 7. Bxe4 Bd6 8. O-O O-O 9. d3 h6 10. Be3 Be6
11. Re1 Rb8 12. c3 a6 13. d4 exd4 14. Bxd4 Nxd4 15. Nxd4
1-0

[Event "1800+ Autumn Tournament"]
[Site "SchemingMind.com"]
[Date "2014.11.14"]
[Round "-"]
[White "Stephen Woodhouse"]
[Black "David Perna-Fraser"]
[Result "1/2-1/2"]
[WhiteCountry "ENG"]
[BlackCountry "CAN"]
[WhiteElo "1835"]
[WhiteRD "49"]
[BlackElo "2203"]
[BlackRD "58"]
[GameID "368977"]

1. e4 e5 2. Nf3 Nf6 3. Nxe5 d6 4. Nf3 Nxe4 5. d4 d5 6. Bd3 Bd6 7. O-O O-O 8. c4 c6 9. Nc3 Nxc3 10. bxc3 dxc4
11. Bxc4 Bg4 12. Qd3 Nd7 13. Re1 b5 14. Ng5 Nf6 15. Bb3 Qd7 16. Bc2 Rfe8 17. Bb2 h6 18. Ne4 Nxe4 19. Rxe4 Rxe4 20. Qxe4 g6
21. Re1 Bf5 22. Qe2=
1/2-1/2

[Event "1800+ Autumn Tournament"]
[Site "SchemingMind.com"]
[Date "2014.11.14"]
[Round "-"]
[White "David Perna-Fraser"]
[Black "Stephen Woodhouse"]
[Result "1-0"]
[WhiteCountry "CAN"]
[BlackCountry "ENG"]
[WhiteElo "2203"]
[WhiteRD "58"]
[BlackElo "1835"]
[BlackRD "49"]
[GameID "368978"]

1. e4 e6 2. d4 d5 3. exd5 exd5 4. Bd3 Bd6 5. Nf3 Ne7 6. O-O O-O 7. Re1 Bf5 8. Bxf5 Nxf5 9. Qd3 Qd7 10. Nc3 Nc6
11. Nxd5 Bxh2+ 12. Kxh2 Qxd5 13. c3 Rae8 14. Bf4 Nd6 15. Ng5 g6 16. Qh3 h5 17. Qd7 Rc8 18. Ne4 Qe6 19. Qxe6 fxe6 20. Bxd6 cxd6
21. Nxd6 Rcd8 22. Rxe6 Rxf2 23. Nxb7 Rb8 24. Rxc6 Rxb7 25. b4 Kf7 26. a4 Re7 27. d5 Ree2 28. Rg1 g5 29. Rc7+ Kf6 30. d6 Rd2
31. d7 Ke7 32. Rxa7 Rxd7 33. Re1+ Kd8 34. Rxd7+ Kxd7 35. Re5
1-0

[Event "1800+ Autumn Tournament"]
[Site "SchemingMind.com"]
[Date "2014.11.16"]
[Round "-"]
[White "mikewharvey"]
[Black "John Hamer"]
[Result "0-1"]
[WhiteCountry "GBR"]
[BlackCountry "ENG"]
[WhiteElo "1946"]
[WhiteRD "95"]
[BlackElo "2033"]
[BlackRD "59"]
[GameID "369073"]

1. c4 e6 2. Nc3 c5 3. Nf3 Nf6 4. g3 g6 5. Bg2 Bg7 6. O-O O-O 7. Rb1 Nc6 8. e3 d5 9. cxd5 exd5 10. d4 Bf5
11. Ra1 c4 12. Ne5 Qc7 13. e4 Bxe4
0-1

[Event "1800+ Autumn Tournament"]
[Site "SchemingMind.com"]
[Date "2014.11.16"]
[Round "-"]
[White "John Hamer"]
[Black "mikewharvey"]
[Result "1-0"]
[WhiteCountry "ENG"]
[BlackCountry "GBR"]
[WhiteElo "2062"]
[WhiteRD "57"]
[BlackElo "1873"]
[BlackRD "89"]
[GameID "369074"]

1. d4 Nf6 2. Nf3 g6 3. c4 Bg7 4. Nc3 O-O 5. Bf4 d6 6. e3 b6 7. h3 Bb7 8. Be2 Nbd7 9. O-O Re8 10. Qc2 e5
11. Bh2 a6 12. Rfd1 exd4 13. Nxd4 Ne4 14. Bf3 Ndf6 15. Bf4=
1-0

[Event "1800+ Autumn Tournament"]
[Site "SchemingMind.com"]
[Date "2014.11.16"]
[Round "-"]
[White "John Hamer"]
[Black "Stephen Woodhouse"]
[Result "1/2-1/2"]
[WhiteCountry "ENG"]
[BlackCountry "ENG"]
[WhiteElo "2039"]
[WhiteRD "55"]
[BlackElo "1835"]
[BlackRD "49"]
[GameID "369075"]

1. c4 e6 2. Nf3 f5 3. Nc3 Nf6 4. d4 Bb4 5. e3 b6 6. Bd2 Bb7 7. Bd3 O-O 8. Qc2 Bxc3 9. Bxc3 Be4 10. O-O-O d6
11. d5 Bxd3 12. Rxd3 e5 13. Rdd1 Ne4 14. Rhf1 Nd7 15. h4 Ndc5 16. h5 Nxc3=
1/2-1/2

[Event "1800+ Autumn Tournament"]
[Site "SchemingMind.com"]
[Date "2014.11.16"]
[Round "-"]
[White "Stephen Woodhouse"]
[Black "John Hamer"]
[Result "1/2-1/2"]
[WhiteCountry "ENG"]
[BlackCountry "ENG"]
[WhiteElo "1835"]
[WhiteRD "49"]
[BlackElo "2039"]
[BlackRD "55"]
[GameID "369076"]

1. e4 e5 2. Nf3 Nc6 3. d4 Nf6 4. dxe5 Nxe4 5. Bc4 Nc5 6. O-O Be7 7. Nc3 O-O 8. Nd5 d6 9. Nxe7+ Nxe7 10. exd6 cxd6
11. Bg5 Ne6 12. Bh4 Qc7 13. Bxe7 Qxe7 14. Re1 Qf6 15. c3 Nf4 16. Qd4 Qf5 17. Kh1 Nxg2 18. Kxg2 Qh3+ 19. Kg1 Qxf3 20. Bd5 Qf5=
1/2-1/2

[Event "1800+ Autumn Tournament"]
[Site "SchemingMind.com"]
[Date "2014.11.17"]
[Round "-"]
[White "John Hamer"]
[Black "David Perna-Fraser"]
[Result "0-1"]
[WhiteCountry "ENG"]
[BlackCountry "CAN"]
[WhiteElo "2039"]
[WhiteRD "55"]
[BlackElo "2203"]
[BlackRD "58"]
[GameID "369077"]

1. e4 e5 2. Nf3 Nf6 3. Nxe5 d6 4. Nc4 Nxe4 5. d4 d5 6. Ne3 Qf6 7. Qe2 Be6 8. c3 Nc6 9. g3 O-O-O 10. Bg2 Qg6
11. Nd2 f5 12. f4 h5 13. Nf3 Be7 14. O-O h4 15. gxh4 Bxh4 16. Ne5 Nxe5 17. fxe5 Rh5 18. Qc2 Rdh8 19. Rf3 Ng5 20. Rf1 Nh3+
21. Kh1 Bg3 22. Bf3 R5h7
0-1

[Event "1800+ Autumn Tournament"]
[Site "SchemingMind.com"]
[Date "2014.11.18"]
[Round "-"]
[White "David Perna-Fraser"]
[Black "John Hamer"]
[Result "1/2-1/2"]
[WhiteCountry "CAN"]
[BlackCountry "ENG"]
[WhiteElo "2203"]
[WhiteRD "58"]
[BlackElo "2039"]
[BlackRD "55"]
[GameID "369078"]

1. c4 Nf6 2. Nc3 e6 3. g3 d5 4. d4 c6 5. Nf3 dxc4 6. Ne5 b5 7. Bg2 a6 8. O-O Bb7 9. b3 cxb3 10. axb3 Be7
11. Bg5 h6 12. Bxf6 Bxf6 13. Ne4 O-O 14. Qc1 Be7 15. Rd1 a5 16. Nc5 Bxc5 17. dxc5 Qf6= 18. Nd7 Nxd7 19. Rxd7 Bc8 20. Rd6 Bb7
21. Bxc6 Bxc6 22. Rxc6 Qe5 23. Rb6=
1/2-1/2

[Event "1800+ Autumn Tournament"]
[Site "SchemingMind.com"]
[Date "2014.11.16"]
[Round "-"]
[White "mikewharvey"]
[Black "DHall"]
[Result "0-1"]
[WhiteCountry "GBR"]
[BlackCountry "ENG"]
[WhiteElo "1873"]
[WhiteRD "89"]
[BlackElo "2148"]
[BlackRD "96"]
[GameID "369094"]

1. c4 Nf6 2. Nc3 e5 3. g3 Bb4 4. Bg2 O-O 5. Nf3 Nc6 6. O-O e4 7. Ng5 Bxc3 8. bxc3 Re8 9. Qc2 Qe7 10. d3 exd3
11. Qxd3 d6 12. Bf4 Qxe2
0-1

[Event "1800+ Autumn Tournament"]
[Site "SchemingMind.com"]
[Date "2014.11.16"]
[Round "-"]
[White "DHall"]
[Black "mikewharvey"]
[Result "1-0"]
[WhiteCountry "ENG"]
[BlackCountry "GBR"]
[WhiteElo "2148"]
[WhiteRD "96"]
[BlackElo "1873"]
[BlackRD "89"]
[GameID "369095"]

1. d4 g6 2. e4 Bg7 3. Nc3 d6 4. Be3 a6 5. Qd2 Nf6 6. f3 O-O 7. O-O-O b5 8. Bh6 c6 9. h4 Nh5 10. Bxg7 Kxg7
11. Nge2
1-0

[Event "1800+ Autumn Tournament"]
[Site "SchemingMind.com"]
[Date "2014.11.16"]
[Round "-"]
[White "John Hamer"]
[Black "DHall"]
[Result "1/2-1/2"]
[WhiteCountry "ENG"]
[BlackCountry "ENG"]
[WhiteElo "2062"]
[WhiteRD "57"]
[BlackElo "2148"]
[BlackRD "96"]
[GameID "369096"]

1. d4 d5 2. c4 e6 3. Nc3 Be7 4. Nf3 Nf6 5. Bg5 Nbd7 6. e3 O-O 7. Rc1 c6 8. Bd3 dxc4 9. Bxc4 Nd5 10. Bxe7 Qxe7
11. Ne4 N7b6 12. Bb3 Kh8 13. O-O a5 14. Nc5 Nd7 15. Nd3 N7f6 16. Qc2 Ne4 17. Nde5 Nd6 18. e4 Nb4 19. Qb1 f6 20. Nc4 Nxc4
21. Bxc4 b5 22. Be2 Bd7 23. a3 Na6 24. Qd3 Nc7 25. Rfd1 Rfd8 26. Qe3 Be8 27. Rc5 a4 28. Rdc1 Na6 29. R5c2 Nc7 30. Qf4 Rab8
31. Rc3 Kg8 32. Qe3 b4 33. Rc5 bxa3 34. Qxa3 Rb3 35. Qa2=
1/2-1/2

[Event "1800+ Autumn Tournament"]
[Site "SchemingMind.com"]
[Date "2014.11.16"]
[Round "-"]
[White "DHall"]
[Black "John Hamer"]
[Result "1/2-1/2"]
[WhiteCountry "ENG"]
[BlackCountry "ENG"]
[WhiteElo "2148"]
[WhiteRD "96"]
[BlackElo "2062"]
[BlackRD "57"]
[GameID "369097"]

1. e4 e5 2. f4 d5 3. exd5 exf4 4. Bb5+ c6 5. dxc6 Nxc6 6. Qe2+ Be7 7. Nf3 Nf6 8. d4 O-O 9. c3 Bd6 10. O-O Re8
11. Qc2 Bd7 12. Bd3 Rc8 13. a3 Be6 14. Nbd2 h6 15. Nc4 Bc7 16. b4 Bd5 17. a4 Ng4 18. Bd2 Bxf3 19. gxf3 Ne3 20. Bxe3 fxe3
21. Rae1 Bf4 22. Re2 Qg5+ 23. Kh1 Qd5 24. b5 Nd8 25. Ne5 Ne6 26. Bh7+ Kf8 27. Be4 Qd6 28. Bxb7 Nxd4 29. Qa2 Rc7 30. cxd4 Rxb7
31. Nc6 Qd7 32. Rg2 g6 33. Rc1 Qh3 34. Qe2 Kg7 35. Rg4 g5 36. Rcg1 Kh8 37. Qg2 Qxg2+ 38. R4xg2=
1/2-1/2

[Event "1800+ Autumn Tournament"]
[Site "SchemingMind.com"]
[Date "2014.11.16"]
[Round "-"]
[White "Stephen Woodhouse"]
[Black "DHall"]
[Result "1/2-1/2"]
[WhiteCountry "ENG"]
[BlackCountry "ENG"]
[WhiteElo "1891"]
[WhiteRD "50"]
[BlackElo "2148"]
[BlackRD "96"]
[GameID "369098"]

1. e4 d5 2. exd5 Qxd5 3. Nf3 Nf6 4. d4 Bg4 5. Be2 c6 6. O-O e6 7. c4 Qd8 8. Nc3 Be7 9. Be3 O-O 10. h3 Bh5
11. g4 Bg6 12. Ne5 Nbd7 13. Nxg6 hxg6 14. g5 Ne8 15. h4 Nd6 16. Bd3 Rc8 17. Qg4 c5 18. d5 Ne5 19. Qe2 exd5 20. Nxd5 Nxd3
21. Qxd3 Nf5 22. Qe4 Re8 23. Qg4 Bd6 24. Rfe1 Qd7 25. Rad1 b6 26. Bf4 Bxf4 27. Qxf4 Qa4 28. a3=
1/2-1/2

[Event "1800+ Autumn Tournament"]
[Site "SchemingMind.com"]
[Date "2014.11.16"]
[Round "-"]
[White "DHall"]
[Black "Stephen Woodhouse"]
[Result "1-0"]
[WhiteCountry "ENG"]
[BlackCountry "ENG"]
[WhiteElo "2148"]
[WhiteRD "96"]
[BlackElo "1891"]
[BlackRD "50"]
[GameID "369099"]

1. d4 e6 2. e4 d5 3. Bd3 dxe4 4. Bxe4 Nf6 5. Bf3 Be7 6. Ne2 O-O 7. O-O Nbd7 8. Bf4 Bd6 9. Bxd6 cxd6 10. c4 d5
11. cxd5 Nxd5 12. Nbc3 N7f6 13. Nxd5 Nxd5 14. Nc3 Nxc3 15. bxc3 Qc7 16. Qb3 Rb8 17. Rfe1 Bd7 18. c4 Bc6 19. d5 exd5 20. cxd5 Bd7
21. Qa3 b6 22. Re7 Rfe8 23. d6 Qd8 24. Rae1 a5 25. Bd5 Rxe7 26. Rxe7 Be8 27. h4 b5 28. d7 Bxd7 29. Rxf7 Kh8 30. Qg3
1-0

[Event "1800+ Autumn Tournament"]
[Site "SchemingMind.com"]
[Date "2014.11.17"]
[Round "-"]
[White "DHall"]
[Black "David Perna-Fraser"]
[Result "1-0"]
[WhiteCountry "ENG"]
[BlackCountry "CAN"]
[WhiteElo "2107"]
[WhiteRD "124"]
[BlackElo "2215"]
[BlackRD "55"]
[GameID "369100"]

1. d4 f5 2. g3 Nf6 3. Bg2 e6 4. c4 Be7 5. Nf3 O-O 6. O-O d6 7. Nc3 Ne4 8. Qc2 Nxc3 9. Qxc3 Bf6 10. b4 c5
11. bxc5 dxc5 12. e3 Nc6 13. Bb2 Qc7 14. Qa3 cxd4 15. exd4 Na5 16. Nd2 Nxc4 17. Qc3
1-0

[Event "1800+ Autumn Tournament"]
[Site "SchemingMind.com"]
[Date "2014.11.17"]
[Round "-"]
[White "David Perna-Fraser"]
[Black "DHall"]
[Result "1-0"]
[WhiteCountry "CAN"]
[BlackCountry "ENG"]
[WhiteElo "2257"]
[WhiteRD "58"]
[BlackElo "2131"]
[BlackRD "85"]
[GameID "369101"]

1. e4 d5 2. exd5 Qxd5 3. Nc3 Qa5 4. Nf3 Nf6 5. Be2 Bg4 6. O-O e6 7. d4 c6 8. Ne5 Bxe2 9. Qxe2 Be7 10. Bf4 O-O
11. Rad1 Nbd7 12. Nc4 Qa6 13. Bd6 Bxd6 14. Nxd6 Qxe2 15. Nxe2 Rfd8 16. b3 Rab8 17. f3 Nd5 18. Kf2 N7f6 19. Nc4 b5 20. Ne5 Rbc8
21. c4 Nb6 22. Rc1 Nfd7 23. Nxd7 Rxd7 24. cxb5 Rdc7 25. Rxc6 Rxc6 26. bxc6 Rxc6 27. Rc1 Rxc1 28. Nxc1 Nd5 29. Nd3 f6 30. Nc5 Kf7
31. a3 Nc3 32. Ke3 Nd5+ 33. Kd2 Ke7 34. b4 Nb6 35. Kd3 f5 36. g3 g6 37. a4 Nd5 38. b5 g5 39. a5 Kd6 40. Na4 Nb4+
41. Kc4 Nd5 42. b6 axb6 43. Nxb6 Nc7 44. Na4 h6 45. Nc5 Nd5 46. a6 Nb6+ 47. Kb5 Nc8 48. Na4 g4 49. fxg4 fxg4 50. Nc3 h5
51. Ne4+ Kd5 52. Nf6+ Kxd4 53. Nxh5 e5 54. Nf6 e4 55. Nxg4 e3 56. Nxe3
1-0

[Event "1800+ Autumn Tournament"]
[Site "SchemingMind.com"]
[Date "2014.11.16"]
[Round "-"]
[White "mikewharvey"]
[Black "Ramesh Panwar"]
[Result "0-1"]
[WhiteCountry "GBR"]
[BlackCountry "IND"]
[WhiteElo "1946"]
[WhiteRD "95"]
[BlackElo "2279"]
[BlackRD "51"]
[GameID "369105"]

1. c4 e5 2. Nc3 Nf6 3. g3 d5 4. cxd5 Nxd5 5. Bg2 Nb6 6. Nf3 Nc6 7. O-O Be7 8. d3 O-O 9. a3 Be6 10. b4 Nd4
11. Nxe5 Bf6 12. Bxb7 Bxe5 13. Bxa8 Qxa8 14. f3 Nxf3+ 15. exf3 Bxc3 16. Be3 Bxa1
0-1

[Event "1800+ Autumn Tournament"]
[Site "SchemingMind.com"]
[Date "2014.11.16"]
[Round "-"]
[White "Ramesh Panwar"]
[Black "mikewharvey"]
[Result "1-0"]
[WhiteCountry "IND"]
[BlackCountry "GBR"]
[WhiteElo "2302"]
[WhiteRD "50"]
[BlackElo "1873"]
[BlackRD "89"]
[GameID "369106"]

1. d4 g6 2. e4 Bg7 3. Nc3 d6 4. Nf3 Nf6 5. Be2 O-O 6. O-O Bg4 7. h3 Bd7 8. Bf4 a6 9. e5 Ne8 10. Re1 c5
11. exd6 exd6 12. dxc5 dxc5 13. Bc4 Nc6 14. Bg5 Nf6 15. Ne4 Be6 16. Bxf6 Qxd1 17. Raxd1 Bxc4 18. b3 Be6 19. Bxg7
1-0

[Event "1800+ Autumn Tournament"]
[Site "SchemingMind.com"]
[Date "2014.11.16"]
[Round "-"]
[White "John Hamer"]
[Black "Ramesh Panwar"]
[Result "0-1"]
[WhiteCountry "ENG"]
[BlackCountry "IND"]
[WhiteElo "2039"]
[WhiteRD "55"]
[BlackElo "2207"]
[BlackRD "52"]
[GameID "369107"]

1. d4 Nf6 2. c4 e6 3. Nf3 Be7 4. Nc3 d5 5. Bf4 O-O 6. e3 Nc6 7. Rc1 Nh5 8. Bg3 a6 9. cxd5 exd5 10. Ne5 g6
11. Qb3 Nxg3 12. Nxc6 bxc6 13. hxg3 Bf5 14. Qa4 Rb8 15. Qxc6 Rxb2 16. Be2 Bb4 17. a3 Bd7 18. Qxa6 Bxc3+ 19. Rxc3 Rb1+ 20. Bd1 Bb5
21. Qa5 Bc4 22. Kd2 Qf6 23. f3 Qd6 24. Rh3 Rfb8 25. e4 Qf6 26. e5 R8b2+ 27. Bc2 Rxc2+ 28. Rxc2 Qg5+ 29. f4= Qf5 30. Qa8+ Kg7
0-1

[Event "1800+ Autumn Tournament"]
[Site "SchemingMind.com"]
[Date "2014.11.16"]
[Round "-"]
[White "Ramesh Panwar"]
[Black "John Hamer"]
[Result "1-0"]
[WhiteCountry "IND"]
[BlackCountry "ENG"]
[WhiteElo "2207"]
[WhiteRD "52"]
[BlackElo "2039"]
[BlackRD "55"]
[GameID "369108"]

1. Nf3 g6 2. e4 Bg7 3. d4 d5 4. exd5 Qxd5 5. Be2 Nf6 6. c4 Qd6 7. Nc3 c6 8. Be3 O-O 9. O-O Bf5 10. Qb3 Qc7
11. Rad1 Rd8 12. h3 h6 13. Nh4 Be6 14. d5 Bc8 15. Nf3 Nbd7 16. Qa3 Ne5 17. Bc5 e6 18. Be7 Rd7 19. d6 Nxf3+ 20. Bxf3 Qb8
21. Na4 Ne8 22. Rfe1 Bf6 23. Bxf6 Nxf6 24. Qd3 Rd8 25. Nc5 Bd7 26. Nxe6 fxe6 27. Qxg6+
1-0

[Event "1800+ Autumn Tournament"]
[Site "SchemingMind.com"]
[Date "2014.11.16"]
[Round "-"]
[White "Stephen Woodhouse"]
[Black "Ramesh Panwar"]
[Result "1/2-1/2"]
[WhiteCountry "ENG"]
[BlackCountry "IND"]
[WhiteElo "1835"]
[WhiteRD "49"]
[BlackElo "2207"]
[BlackRD "52"]
[GameID "369109"]

1. e4 e5 2. Nf3 Nc6 3. d4 exd4 4. Nxd4 Nf6 5. Nc3 Bb4 6. Nxc6 bxc6 7. Bd3 d5 8. exd5 cxd5 9. O-O O-O 10. Bg5 c6
11. Qf3 Bd6 12. Rfe1 Rb8 13. Rab1 Be6 14. Ne2 Bg4 15. Bxf6 Bxf3 16. Bxd8 Bxe2 17. Rxe2 Rfxd8 18. b3 g6 19. g3 Kg7 20. f4 Bb4
21. Rf1 Re8 22. Rxe8= Rxe8 23. Kf2 f5 24. Kf3 Bc5 25. Rd1 Re3+ 26. Kg2 Bb4 27. Rf1 Be1 28. Rf3 Re8 29. Kf1 Kf6 30. Be2 Ba5
31. Bd3 Bb6 32. Kg2 Ke6 33. Rf1 Kd6 34. Rd1 Re3 35. Rf1 a5 36. a4 Kc5 37. g4 fxg4 38. f5 gxf5 39. Rxf5 Rh3 40. Rg5 Bc7
41. Rxg4 Rxh2+ 42. Kg1 h5 43. Rg7 Be5 44. Rg5 Bf4 45. Rf5 Bg3 46. Rg5 h4 47. Rg4 Rd2 48. Kh1 Rf2 49. Kg1 Rf3 50. Kg2 Re3=
1/2-1/2

[Event "1800+ Autumn Tournament"]
[Site "SchemingMind.com"]
[Date "2014.11.16"]
[Round "-"]
[White "Ramesh Panwar"]
[Black "Stephen Woodhouse"]
[Result "1-0"]
[WhiteCountry "IND"]
[BlackCountry "ENG"]
[WhiteElo "2207"]
[WhiteRD "52"]
[BlackElo "1835"]
[BlackRD "49"]
[GameID "369110"]

1. c4 e6 2. d4 f5 3. e3 Nf6 4. Nf3 b6 5. Be2 Bb7 6. O-O Be7 7. b3 O-O 8. Bb2 d6 9. d5 e5 10. Ng5 Bc8
11. Nc3 h6 12. Ne6 Bxe6 13. dxe6 Qc8 14. Nd5 Nxd5 15. cxd5 c6 16. f4 e4 17. dxc6 Nxc6 18. Rc1 Qb7 19. Qd5 Rac8 20. Bh5 Nd8
21. Bf7+ Kh8 22. Qxf5 Rxc1 23. Bxg7+
1-0

[Event "1800+ Autumn Tournament"]
[Site "SchemingMind.com"]
[Date "2014.11.16"]
[Round "-"]
[White "DHall"]
[Black "Ramesh Panwar"]
[Result "1/2-1/2"]
[WhiteCountry "ENG"]
[BlackCountry "IND"]
[WhiteElo "2148"]
[WhiteRD "96"]
[BlackElo "2302"]
[BlackRD "50"]
[GameID "369111"]

1. d4 Nf6 2. c4 e6 3. Nf3 b6 4. g3 Bb7 5. Bg2 Be7 6. O-O O-O 7. Nc3 d5 8. Ne5 Nbd7 9. Qa4 c6 10. e4 Nxe4
11. Nxe4 Nxe5 12. cxd5 cxd5 13. dxe5 dxe4 14. Bxe4 b5 15. Qc2 Rc8 16. Qe2 Bxe4 17. Qxe4 Rc4 18. Qb7 Bc5 19. Qxb5 Rc2 20. Bf4 Qc7
21. Qb3 Bb6 22. Rad1 Rb8 23. Rd7 Rxb2 24. Rxc7 Rxb3 25. Rxa7 Rxg3+ 26. hxg3 Bxa7 27. Rd1 Kf8 28. a4 Ke8 29. Kf1 Rb2 30. Rd2 Rb1+
31. Kg2 Ra1 32. Rc2 Kd7 33. Rd2+ Kc7=
1/2-1/2

[Event "1800+ Autumn Tournament"]
[Site "SchemingMind.com"]
[Date "2014.11.16"]
[Round "-"]
[White "Ramesh Panwar"]
[Black "DHall"]
[Result "1-0"]
[WhiteCountry "IND"]
[BlackCountry "ENG"]
[WhiteElo "2329"]
[WhiteRD "52"]
[BlackElo "2140"]
[BlackRD "97"]
[GameID "369112"]

1. d4 f5 2. Nf3 Nf6 3. g3 g6 4. Bg2 Bg7 5. c4 O-O 6. Nc3 d6 7. O-O Qe8 8. d5 Na6 9. Be3 Bd7 10. a3 e5
11. dxe6 Bxe6 12. Ng5 Bc8 13. b4 h6 14. Nf3 Be6 15. Nd5 c5 16. Nxf6+ Rxf6 17. Rc1 Rd8 18. Qd2 Kh7 19. b5 Nc7 20. Qa5 Qe7
21. Qxa7 Ne8 22. a4 Rf8 23. a5 Rd7 24. a6 bxa6 25. Qxa6 Ra7 26. Qb6 Ra4 27. Nd2 g5 28. Qc6 Bd7 29. Qf3 Be5 30. Nb1 Be6
31. Bd2 Bxc4 32. b6 Be6 33. Rfd1 Nf6 34. Bc3 Kg6 35. Qc6 Bd7 36. Qc7 Rc8 37. Qb7 Qe8 38. Bxe5 Qxe5 39. Nc3 Rc4 40. Nd5 Rxc1
41. Rxc1 Nxd5 42. Bxd5 Be6 43. Bxe6 Qxe6 44. Qa7 Re8 45. b7 Qb3 46. Qa8 Qb5 47. Qc8 Kf6 48. e4 fxe4 49. Rd1 e3 50. Rxd6+ Ke5
51. Re6+
1-0

[Event "1800+ Autumn Tournament"]
[Site "SchemingMind.com"]
[Date "2014.11.17"]
[Round "-"]
[White "David Perna-Fraser"]
[Black "Ramesh Panwar"]
[Result "1/2-1/2"]
[WhiteCountry "CAN"]
[BlackCountry "IND"]
[WhiteElo "2203"]
[WhiteRD "58"]
[BlackElo "2207"]
[BlackRD "52"]
[GameID "369113"]

1. e4 c5 2. Nf3 d6 3. d4 cxd4 4. Nxd4 Nf6 5. Nc3 g6 6. f3 Bg7 7. Be3 O-O 8. Qd2 Nc6 9. g4 Nxd4 10. Bxd4 Be6
11. O-O-O Qa5 12. Kb1 Rfc8 13. a3 Rab8 14. h4 b5 15. Nd5 Qxd2 16. Rxd2 Bxd5 17. exd5 Rc7 18. h5 Nd7 19. hxg6 fxg6 20. Bxg7 Kxg7
21. Rdh2 Nf6 22. g5 Nh5 23. Be2 b4 24. axb4 Rxb4 25. f4 Rxf4 26. Bxh5 gxh5 27. Rxh5 Rf2 28. Rxh7+=
1/2-1/2

[Event "1800+ Autumn Tournament"]
[Site "SchemingMind.com"]
[Date "2014.11.17"]
[Round "-"]
[White "Ramesh Panwar"]
[Black "David Perna-Fraser"]
[Result "1/2-1/2"]
[WhiteCountry "IND"]
[BlackCountry "CAN"]
[WhiteElo "2207"]
[WhiteRD "52"]
[BlackElo "2203"]
[BlackRD "58"]
[GameID "369114"]

1. e4 e5 2. Nf3 Nf6 3. Nxe5 d6 4. Nf3 Nxe4 5. d4 d5 6. Bd3 Bd6 7. O-O O-O 8. c4 c6 9. Re1 Re8 10. Nc3 Nxc3
11. bxc3 Rxe1+ 12. Qxe1 h6 13. Ne5 Nd7 14. f4 Nxe5 15. fxe5 Be7 16. a4 Be6 17. c5 b6 18. cxb6 axb6 19. Bc2 h5 20. Be3 g6
21. Rb1 c5 22. Qd2 Ra5 23. Qd1 Bg4 24. Qf1 Qc7 25. Qf2 Bd7 26. Rf1 Be6 27. Qd2 Bd7 28. Bb3 c4 29. Qf2 Be6 30. Bd1 b5
31. axb5 Rxb5 32. Qg3 Qd8 33. Bc1 Bh4 34. Qf4 Be7 35. g4 h4 36. Bc2 Ra5 37. Bf5 Qd7 38. Qh6 Ra1 39. Bxe6 Qxe6 40. h3 Qb6
41. Qf4 Qe6 42. Qf2 Bd8 43. Qb2 Ra8 44. Be3 Qa6 45. Qf2 Qe6 46. Rb1 Kg7 47. Qd2 Qe7 48. Rf1 Ra3 49. Qe1 Rb3=
1/2-1/2